Sejarah Islam dari Andalus sampai Indus

Bibliographic Details
Main Author: Tohir, Muhammad (Author)
Format: Book
Published: Jakarta : Pustaka Jaya , 1981
Subjects:

MARC

LEADER 00000cam a2200000 7i4500
001 0000004918
005 20100118093000.0
008 021118s1981
090 0 0 |a DS38   |b .T637 
100 0 |a Tohir, Muhammad ,   |e author 
245 1 0 |a Sejarah Islam dari Andalus sampai Indus   |c Muhammad Tohir 
260 2 |a Jakarta :   |b Pustaka Jaya ,   |c 1981 
300 |a 47 ms. ;   |c 20 sm. 
650 0 |a Islamic civilization 
651 0 |a Islamic Empire   |x History 
999 |a 1000008488   |b Book   |c OPEN SHELF (30 DAYS)   |e Gong Badak Campus 
999 |a 1000072408   |b Book   |c OPEN SHELF (30 DAYS)   |e Gong Badak Campus 
999 |a 1000074768   |b Book   |c OPEN SHELF (30 DAYS)   |e Gong Badak Campus